[Event "Gothenburg"]
[Site "Gothenburg"]
[Date "1989.??.??"]
[Round "1"]
[White "Schneider, Lars Ake"]
[Black "Andreasson, Ingvar"]
[Result "1-0"]
[WhiteElo "2460"]
[BlackElo "2395"]

1.e4 d6 2.d4 Nf6 3.Nc3 c6 4.Nf3 Bg4 5.h3 Bxf3 6.Qxf3 Nbd7 7.Be3 g6 8.O-O-O Qc7
9.g4 Bg7 10.Qg2 e5 11.dxe5 dxe5 12.Be2 h5 13.Rd2 Bf8 14.Rhd1 hxg4 15.hxg4 Nb6
16.g5 Nfd7 17.Nb5 cxb5 18.Bxb5 O-O-O 19.Bxb6 Qxb6 20.Bxd7+ Kb8 21.Qg3 Qc7
22.Rd5 Bc5 23.c3 Bd4 24.Kb1 Rxd7 25.Rxd7 Qxd7 26.cxd4 Re8 27.d5 Qa4 28.Qd3 Rd8
29.Rc1 Qd7 30.Qc3 Qe7 31.Qc5 Qxc5 32.Rxc5 Rh8 33.d6 Rd8 34.Rxe5  1-0

[Event "Groningen op"]
[Site "Groningen"]
[Date "1989.??.??"]
[Round "7"]
[White "Steinbacher, Matthias"]
[Black "Mokry, Karel"]
[Result "0-1"]
[WhiteElo "2320"]
[BlackElo "2500"]

1.d4 d6 2.e4 Nf6 3.Nc3 c6 4.Bg5 b5 5.e5 b4 6.exf6 exf6 7.Qe2+ Be6 8.Nb5 fxg5
9.d5 cxd5 10.Nd4 Qf6 11.O-O-O Be7 12.Qb5+ Nd7 13.Ngf3 Rb8 14.Qc6 Rd8 15.h4 gxh4
16.Qb5 Rb8 17.Qc6 O-O 18.Nxe6 Qxe6 19.Nd4 Qg4 20.g3 hxg3 21.Bd3 g6 22.Nf5 Bg5+
23.Kb1 Ne5 24.Qxd5 Nxd3 25.Rxd3 g2 26.Rg1 Qxf5 27.Qxf5 gxf5 28.Rxg2 h6 29.f4 f6
30.a3 bxa3 31.Rxa3 Rb7 32.Ra5 Rg7 33.Rxf5 Bh4 34.Rh2 Rg4 35.Rh5 Bg3 36.Rg2 Kh7
37.Rg1 Rfg8 38.Ra5 Bf2 39.Rd1 Rg1 40.Rxg1 Rxg1+ 41.Ka2 Bc5  0-1

[Event "EU-chT"]
[Site "Haifa"]
[Date "1989.??.??"]
[Round "1"]
[White "Haba, Petr"]
[Black "Gal, Ami"]
[Result "1-0"]
[WhiteElo "2485"]
[BlackElo "2225"]

1.e4 d6 2.d4 Nf6 3.Nc3 c6 4.f4 Qa5 5.Bd3 e5 6.Nf3 Bg4 7.dxe5 dxe5 8.fxe5 Nfd7
9.Bf4 Bb4 10.O-O O-O 11.Nd5 cxd5 12.exd5 Qd8 13.a3 Bc5+ 14.Kh1 g5 15.Bg3 f5
16.e6 f4 17.Be1 Nf6 18.c4 Na6 19.Bc3 Be3 20.Qc2 Bxf3 21.Bxh7+ Kh8 22.Rxf3 g4
23.Rff1 Qc7 24.Bf5 Kg7 25.Bxg4 Rh8 26.d6 Qc5 27.Rae1 Rh6 28.h3 Qg5  1-0

[Event "EU-chT"]
[Site "Haifa"]
[Date "1989.??.??"]
[Round "2"]
[White "Beliavsky, Alexander G"]
[Black "Mokry, Karel"]
[Result "1/2-1/2"]
[WhiteElo "2620"]
[BlackElo "2500"]

1.d4 d6 2.e4 Nf6 3.Nc3 c6 4.g3 Nbd7 5.Bg2 e5 6.Nge2 b5 7.O-O Be7 8.a3 O-O
9.h3 a5 10.g4 Ba6 11.b4 Bb7 12.Rb1 axb4 13.axb4 Ne8 14.Ng3 g6 15.Bh6 Ng7
16.Nce2 Nb6 17.f4 exf4 18.Nxf4 g5 19.Nf5  1/2-1/2

[Event "EU-chT"]
[Site "Haifa"]
[Date "1989.??.??"]
[Round "4"]
[White "Hulak, Krunoslav"]
[Black "Mokry, Karel"]
[Result "1-0"]
[WhiteElo "2550"]
[BlackElo "2500"]

1.d4 d6 2.e4 Nf6 3.Nc3 c6 4.f4 Qa5 5.Bd3 e5 6.Nf3 Bg4 7.Be3 Qb6 8.Qd2 exf4
9.Bf2 Bxf3 10.gxf3 Nh5 11.O-O-O Nd7 12.Rhe1 Be7 13.Bf1 O-O-O 14.Bh3 Kb8 15.Bg4 Nhf6
16.Qxf4 Nxg4 17.fxg4 f6 18.Rd3 Qc7 19.Bg3 Rhe8 20.Qf5 g6 21.Qf1 Ka8 22.Kb1 Qa5
23.Nd1 Bf8 24.Ra3 Qb6 25.Nc3 d5 26.Rb3 Qxd4 27.exd5 Nc5 28.dxc6 Rxe1+ 29.Qxe1 Nxb3
30.cxb7+ Kxb7 31.Qh1+ Ka6 32.Qf1+ Kb7 33.Qf3+ Ka6 34.axb3 Bc5 35.Bc7 Rh8
36.Qc6+ Bb6 37.Bd6 Rd8 38.Nd5 Rxd6 39.Nc7+  1-0

[Event "EU-chT"]
[Site "Haifa"]
[Date "1989.??.??"]
[Round "6"]
[White "Geenen, Marc"]
[Black "Wahls, Matthias"]
[Result "1/2-1/2"]
[WhiteElo "2290"]
[BlackElo "2535"]

1.e4 d6 2.d4 Nf6 3.Nc3 e5 4.Nf3 Nbd7 5.Bc4 Be7 6.O-O O-O 7.Qe2 c6 8.Rd1 Qc7
9.a4 a5 10.h3 exd4 11.Nxd4 Nc5 12.Bf4 Nfd7 13.Bh2 Ne5 14.Ba2 Re8 15.Kh1 b6
16.f4  1/2-1/2

[Event "EU-chT"]
[Site "Haifa"]
[Date "1989.??.??"]
[Round "7"]
[White "Antunes, Antonio"]
[Black "Brunner, Lucas"]
[Result "1-0"]
[WhiteElo "2450"]
[BlackElo "2505"]

1.e4 d6 2.d4 Nf6 3.Nc3 e5 4.dxe5 dxe5 5.Qxd8+ Kxd8 6.Nf3 Bd6 7.Bc4 Be6 8.Bxe6 fxe6
9.Be3 Nbd7 10.a3 Ke7 11.Ke2 a6 12.Nd2 c6 13.f3 b5 14.a4 Bb4 15.Ra2 Rhb8 16.axb5 axb5
17.Rha1 Rxa2 18.Rxa2 Kd6 19.Nb3 Rb7 20.Ra8 Nc5 21.Na2 Nxb3 22.Nxb4 Nd4+ 23.Bxd4 exd4
24.Rc8 Rb6 25.e5+ Kxe5 26.Nxc6+ Kd5 27.Nb4+ Ke5 28.Kd3 Rd6 29.Rc5+ Kf4 30.Ke2 Nd5
31.Rxb5 h5 32.g3+ Ke5 33.Kd3 h4 34.gxh4 Rd7 35.Nxd5 exd5 36.Rb8 Rf7 37.Re8+ Kd6
38.Kxd4 Rxf3 39.Rd8+ Kc6 40.Rc8+ Kd6 41.Rd8+ Ke6 42.Rxd5 Rf4+ 43.Kc5 Rf2
44.c4 Rxb2 45.Rd4 Rb8 46.Kc6 Ke5 47.Rg4 Rc8+ 48.Kb7  1-0

[Event "EU-chT"]
[Site "Haifa"]
[Date "1989.??.??"]
[Round "8"]
[White "Hellers, Ferdinand"]
[Black "Rivas Pastor, Manuel"]
[Result "0-1"]
[WhiteElo "2560"]
[BlackElo "2525"]

1.e4 d6 2.d4 Nf6 3.Nc3 c6 4.Bg5 Qb6 5.Rb1 Nbd7 6.Nf3 e5 7.Be2 Be7 8.O-O O-O
9.Re1 Re8 10.h3 Qc7 11.a4 Nf8 12.Bf1 a5 13.Qd2 Bd7 14.Be3 Rad8 15.g3 Bc8
16.d5 Bd7 17.Qd3 Ra8 18.Nd2 Reb8 19.Red1 Ng6 20.b4 axb4 21.Rxb4 c5 22.Rb2 Bxa4
23.Nxa4 Rxa4 24.Rdb1 Bd8 25.Nc4 Qd7 26.Rb5 h5 27.h4 Ra7 28.Bg2 Ne7 29.Bd2 Nc8
30.Ba5 b6 31.Bd2 Rba8 32.Bg5 Ra1 33.Ne3 Ne8 34.Bxd8 Qxd8 35.Kh2 g6 36.R5b3 Nc7
37.Rxa1 Rxa1 38.Ra3 Rxa3 39.Qxa3 Kg7 40.Bh3 Ne7 41.Qa7 b5 42.Qb6 Ng8 43.Bf1 Nf6
44.f3 c4 45.Nd1 Nfe8 46.Nc3 g5 47.hxg5 Qxg5 48.Nxb5 Qd2+ 49.Bg2 Qb4  0-1

[Event "Karvina op"]
[Site "Karvina"]
[Date "1989.??.??"]
[Round "2"]
[White "Belik, Dalibor"]
[Black "Pribyl, Josef"]
[Result "1-0"]
[WhiteElo "2260"]
[BlackElo "2400"]

1.d4 d6 2.e4 Nf6 3.Nc3 c6 4.f4 Qa5 5.e5 Ne4 6.Bd3 Nxc3 7.Qd2 dxe5 8.fxe5 g6
9.Nf3 Bf5 10.Bxf5 gxf5 11.e6 fxe6 12.bxc3 Nd7 13.O-O Rg8 14.Qe2 Rg6 15.c4 Bg7
16.Bd2 Qa6 17.c3 Nb6 18.Nh4 Rg4 19.Qxe6 Qxc4 20.Qxf5 Rxh4 21.Bg5 Rh5 22.Rae1 Nc8
23.Qxc8+ Rxc8 24.Rxe7+ Kd8 25.Rxg7+  1-0

[Event "Karvina op"]
[Site "Karvina"]
[Date "1989.??.??"]
[Round "5"]
[White "Krcmar, Zdenek"]
[Black "Pribyl, Josef"]
[Result "0-1"]
[WhiteElo "2255"]
[BlackElo "2400"]

1.e4 d6 2.d4 Nf6 3.Nc3 c6 4.f4 Qa5 5.Bd3 e5 6.Nf3 Bg4 7.dxe5 dxe5 8.fxe5 Nfd7
9.Bf4 Nxe5 10.Bxe5 Bxf3 11.Qxf3 Qxe5 12.Bc4 f6 13.O-O-O Bd6 14.Kb1 Nd7 15.Qg4 Qe7
16.Qe6 Ne5 17.Bb3 Qxe6 18.Bxe6 Ke7 19.Bh3 Rad8 20.Ne2 Bc5 21.b3 Be3 22.Rhe1 g6
23.Kb2 h5 24.Nc1 Rd2 25.Rxd2 Bxd2 26.Rd1 Bxc1+ 27.Kxc1 a5 28.Rd4 Rd8 29.Rxd8 Kxd8
30.Be6 Ke7 31.Bc8 b5 32.Kd2 Kd6 33.a3 h4 34.Ke3 g5 35.Bf5 c5 36.Kd2 Nc6 37.c3 Ne5
38.Kc2 Nc6 39.Kd3 Ne7 40.Bh7 Ke5 41.a4 c4+ 42.bxc4 bxa4 43.c5 Ke6 44.Kc2 Kd7
45.Kb2 Kc6 46.Ka3 Kb5 47.h3 Nc6 48.Bg6 Ne5 49.Be8+ Kxc5 50.Kxa4 Kc4 51.Kxa5 Kxc3
52.Kb6 Kd4 53.Kc7 Kxe4 54.Kd6 Kf4 55.Ke6 f5 56.Ba4 Nc4 57.Kf6 Na3 58.Bd7 g4
59.Kg6 gxh3 60.gxh3 Kg3 61.Kg5 f4 62.Bc6 Nc4  0-1

[Event "Karvina op"]
[Site "Karvina"]
[Date "1989.??.??"]
[Round "12"]
[White "Rybak, Milan"]
[Black "Pribyl, Josef"]
[Result "0-1"]
[WhiteElo "2305"]
[BlackElo "2400"]

1.e4 d6 2.d4 Nf6 3.Nc3 c6 4.f4 Qa5 5.Bd2 Qb6 6.Nf3 Bg4 7.Na4 Bxf3 8.gxf3 Qc7
9.f5 g6 10.Bh3 Nbd7 11.Qe2 b5 12.Nc3 Bg7 13.f4 b4 14.Nd1 a5 15.e5 Nd5 16.O-O Qb6
17.f6 Qxd4+ 18.Kh1 Bh6 19.c3 bxc3 20.bxc3 Qc5 21.c4 Bxf4 22.exd6 Bxd2 23.Qxd2 N5xf6
24.dxe7 Qxc4 25.Nc3 Nd5 26.Rad1 Qxc3 27.Qxc3 Nxc3 28.Rxd7 f5 29.Rc7 Nd5 30.Rxc6 Kxe7
31.Bg2 Ne3 32.Re1 f4 33.Rc7+ Kd6 34.Rf7 Raf8 35.Ra7 Rf5 36.Ra6+ Ke7 37.Bh3 Rc5
38.Rb1 Rd8 39.Ra7+ Kf8 40.Rxh7 Kg8 41.Ra7 g5 42.Be6+ Kh8 43.h3 Rc2 44.Rf7 a4
45.h4 Rc6 46.Bh3 Rh6 47.hxg5 Rxh3+ 48.Kg1 f3 49.g6 Ng4 50.Ra7 Rg3+ 51.Kf1 Rg2  0-1

[Event "Kecskemet"]
[Site "Kecskemet"]
[Date "1989.??.??"]
[Round "?"]
[White "Enders, Peter"]
[Black "Malaniuk, Vladimir P"]
[Result "1-0"]
[WhiteElo "2455"]
[BlackElo "2560"]

1.e4 d6 2.d4 Nf6 3.Nc3 c6 4.f4 Qa5 5.Bd2 e5 6.Nd5 Qd8 7.Nxf6+ Qxf6 8.dxe5 dxe5
9.Nf3 exf4 10.e5 Qh6 11.g3 Be7 12.Bxf4 Qg6 13.Bd3 Bf5 14.Bxf5 Qxf5 15.Qe2 Na6
16.Nd4 Qg6 17.O-O-O Nc5 18.Rhe1 Rd8 19.e6 Nxe6 20.Nxe6 Rxd1+ 21.Qxd1 fxe6
22.Qd4 O-O 23.Qxa7 e5 24.Rxe5 Bd6 25.Re1 Bxf4+ 26.gxf4 b5 27.Qe3 Qf7 28.Qe6 Qxe6
29.Rxe6 Rxf4 30.Rxc6 Rf1+ 31.Kd2 Rf2+ 32.Kc3 Rxh2 33.Rc5 Rh1 34.Rxb5 Ra1
35.b4 Rxa2 36.Ra5  1-0

[Event "Kecskemet"]
[Site "Kecskemet"]
[Date "1989.??.??"]
[Round "?"]
[White "Huzman, Alexander"]
[Black "Ubilava, Elizbar"]
[Result "1-0"]
[WhiteElo "2475"]
[BlackElo "2525"]

1.d4 d6 2.e4 Nf6 3.Nc3 c6 4.f4 Qa5 5.Bd3 e5 6.Nf3 Bg4 7.Be3 Qb6 8.Qd2 exf4
9.Bxf4 Bxf3 10.gxf3 Qxd4 11.O-O-O Nbd7 12.Be3 Qb4 13.f4 Be7 14.Qg2 g6 15.Rhe1 O-O
16.Bd2 Qc5 17.e5 dxe5 18.f5 Kh8 19.fxg6 fxg6 20.Qh3 Rg8 21.Rg1 Nf8 22.Be3 Qb4
23.a3 Qa5 24.Bc4 Bxa3 25.Bg5 Be7 26.Qh4 Rg7 27.Bxf6 Bxf6 28.Qxf6 Qc5 29.Bb3 Qe7
30.Rgf1 Nd7 31.Qxe7 Rxe7 32.Ne4 Kg7 33.Be6 Nb6 34.Rd6 Rae8 35.Nc5 Na4 36.Nxa4 Rxe6
37.Rxe6 Rxe6 38.Nc5 Re7 39.Kd2 b6 40.Ne4 Rd7+ 41.Ke3 Rd4 42.b3 c5 43.c3 Rd7
44.Ng5 Kh6 45.Nf7+ Kh5 46.Nxe5 Re7 47.Ke4 Kh4 48.Rf3 g5 49.Rg3 Re8 50.Kf5 Rf8+
51.Ke6 c4 52.bxc4 Rf4 53.Nf3+ Kh5 54.Rxg5+ Kh6 55.Rg3 Rxc4 56.Ne5 Rf4 57.c4 a5
58.Rh3+ Kg7 59.Rg3+ Kh6 60.Rb3 Kg5 61.Nf7+  1-0

[Event "URS-sf Ukraine-ch"]
[Site "Kherson"]
[Date "1989.??.??"]
[Round "?"]
[White "Foygel, Igor"]
[Black "Malaniuk, Vladimir P"]
[Result "1-0"]
[WhiteElo "2370"]
[BlackElo "2560"]

1.e4 d6 2.d4 Nf6 3.Nc3 c6 4.Nf3 Bg4 5.Be2 e6 6.O-O Be7 7.Be3 O-O 8.Nd2 Bxe2
9.Qxe2 d5 10.e5 Ne8 11.Qh5 c5 12.Ne2 cxd4 13.Nxd4 Nc6 14.N2f3 g6 15.Qh6 Nxd4
16.Bxd4 f5 17.exf6 Bxf6 18.Rae1 Qe7 19.Qe3 Bxd4 20.Nxd4 Ng7 21.Nxe6 Nxe6
22.Qxe6+ Qxe6 23.Rxe6 Rac8 24.Re2 Rfe8 25.Rfe1 Rxe2 26.Rxe2 Kf7 27.Kf1 b5
28.a3 Rc4 29.Ke1 Kf6 30.Kd2 b4 31.axb4 Rxb4 32.Kc3 Rh4 33.h3 a5 34.Kd3 Rc4
35.c3 Rc5 36.f4 h5 37.g4 hxg4 38.hxg4 Rb5 39.Kc2 a4 40.Re5 Rc5 41.Kd3 Rb5
42.g5+ Kf7 43.Re2 Rc5 44.Kd4 Rb5 45.Ke5 Ra5 46.Kd6 a3 47.bxa3 Rxa3 48.Re7+ Kf8
49.Rc7 Ra4 50.Kxd5 Rxf4 51.Kd6 Rg4 52.Rc5 Kf7 53.c4 Rd4+ 54.Ke5 Rg4 55.Rc7+ Ke8
56.Ke6 Kd8 57.Rc5 Rf4 58.Rd5+ Kc7 59.c5 Kc6 60.Re5 Rf1 61.Ke7  1-0

[Event "Kiev"]
[Site "Kiev"]
[Date "1989.??.??"]
[Round "?"]
[White "Efimov, Igor"]
[Black "Mozes, Ervin"]
[Result "1/2-1/2"]
[WhiteElo "2395"]
[BlackElo "2415"]

1.d4 d6 2.e4 Nf6 3.Nc3 c6 4.g3 e5 5.dxe5 dxe5 6.Qxd8+ Kxd8 7.Bc4 Bb4 8.Bd2 Ke7
9.a3 Bd6 10.f4 b5 11.Ba2 Be6 12.Nf3 Nbd7 13.Bxe6 fxe6 14.O-O-O a5 15.fxe5 Bxe5
16.Nxe5 Nxe5 17.Bf4 Nfd7 18.Bg5+ Nf6 19.Bf4 Nfd7  1/2-1/2

[Event "Kiev"]
[Site "Kiev"]
[Date "1989.??.??"]
[Round "?"]
[White "Palatnik, Semon"]
[Black "Mozes, Ervin"]
[Result "1/2-1/2"]
[WhiteElo "2460"]
[BlackElo "2415"]

1.e4 d6 2.d4 Nf6 3.Nc3 c6 4.Nf3 g6 5.Be2 Bg7 6.O-O O-O 7.h3 Nbd7 8.a4 e5
9.Re1 Qe7 10.Bf1 Re8 11.Be3 Nf8 12.d5  1/2-1/2

[Event "Leon"]
[Site "Leon"]
[Date "1989.??.??"]
[Round "?"]
[White "De la Villa Garcia, Jesus Maria"]
[Black "Rivas Pastor, Manuel"]
[Result "0-1"]
[WhiteElo "2430"]
[BlackElo "2505"]

1.e4 d6 2.d4 Nf6 3.Nc3 c6 4.f4 Qa5 5.Bd3 e5 6.Nf3 Bg4 7.dxe5 dxe5 8.fxe5 Nfd7
9.Bf4 Ba3 10.Bd2 Bxf3 11.Qxf3 Bxb2 12.Nd1 Qxe5 13.Nxb2 Qxb2 14.O-O Ne5 15.Qg3 Nbd7
16.Rab1 Qxa2 17.Bc3 Qa3 18.Bb4 Qa2 19.Rb3 O-O-O 20.Rfb1 Nxd3 21.Qxd3 Nc5
22.Qh3+ Ne6 23.Qc3 Nd4 24.Qh3+ Rd7 25.Rd1 f5 26.Rbd3 Ne2+ 27.Kh1 Nf4 28.Qxf5 Nxd3
29.cxd3 Qb3  0-1

[Event "Leon"]
[Site "Leon"]
[Date "1989.??.??"]
[Round "?"]
[White "Romero Holmes, Alfonso"]
[Black "Rivas Pastor, Manuel"]
[Result "1/2-1/2"]
[WhiteElo "2445"]
[BlackElo "2505"]

1.e4 d6 2.d4 Nf6 3.Nc3 c6 4.Be2 e5 5.dxe5 dxe5 6.Qxd8+ Kxd8 7.Bc4 Be6 8.Bxe6 fxe6
9.f3 Nbd7 10.Be3 Bc5 11.Ke2 Bxe3 12.Kxe3 g5  1/2-1/2

[Event "Leon"]
[Site "Leon"]
[Date "1989.??.??"]
[Round "?"]
[White "Estremera Panos, Sergio"]
[Black "Rivas Pastor, Manuel"]
[Result "1/2-1/2"]
[WhiteElo "2315"]
[BlackElo "2505"]

1.d4 d6 2.e4 Nf6 3.Nc3 c6 4.f4 Qa5 5.Bd3 e5 6.Nf3 Bg4 7.fxe5 dxe5 8.dxe5 Nfd7
9.Bf4 Ba3 10.Bd2 Bxf3 11.Qxf3 Bxb2 12.Nb5 Nxe5 13.Bxa5 Nxf3+ 14.gxf3 cxb5
15.Bxb5+ Nc6 16.Rb1 Be5 17.Bxc6+ bxc6 18.Ke2 O-O 19.Bd2 Bd6 20.Bc3 Rab8 21.h3 f5
22.Rxb8 Bxb8 23.Rb1 Re8 24.Rb7 Be5 25.Bxe5 Rxe5 26.Rxa7 fxe4 27.fxe4 Rxe4+
28.Kf3 Rc4 29.a4 h5 30.a5 Kh7 31.Rc7 Rc3+ 32.Kg2 Rxc2+ 33.Kg3 Rc3+ 34.Kg2  1/2-1/2

[Event "Lloyds Bank op"]
[Site "London"]
[Date "1989.??.??"]
[Round "?"]
[White "Lehtivaara, Risto"]
[Black "Hodgson, Julian M"]
[Result "1-0"]
[WhiteElo "2295"]
[BlackElo "2535"]

1.e4 d6 2.d4 Nf6 3.Nc3 c6 4.a4 g6 5.h3 Bg7 6.Be3 O-O 7.g4 e5 8.dxe5 dxe5
9.Qxd8 Rxd8 10.Nf3 h5 11.Bc4 hxg4 12.Ng5 Rf8 13.Bc5 Bh6 14.h4 Bxg5 15.hxg5 Nh5
16.Bxf8 Kxf8 17.O-O-O Ke7 18.Ne2 Nd7 19.Ng3 Nb6 20.Nxh5 Nxc4 21.Nf6 Be6 22.b3 Nb6
23.Rdg1 Nd7 24.Nxg4 a5 25.f3 b5 26.axb5 cxb5 27.Kb2 a4 28.Ne3 a3+ 29.Kc3 Kd6
30.Kb4 Nb8 31.Rd1+ Kc6 32.Nd5 Na6+ 33.Kxa3 Nc7+ 34.Kb4 Nxd5+ 35.exd5+ Bxd5
36.Rxd5 Kxd5 37.Kxb5 Rb8+ 38.Ka4 f5 39.gxf6 Rf8 40.Kb5 Rb8+ 41.Ka4 Kc5 42.Ka3 Ra8+
43.Kb2 Rf8 44.Re1 Kd6 45.Ra1 Ke6 46.c4 Kxf6 47.b4 Ke6 48.Rg1 Rxf3 49.Rxg6+ Kf5
50.Rg8 e4 51.b5 Ke5 52.b6 Rf7 53.Kc3 Re7 54.Rg5+ Kd6 55.c5+ Kd7 56.Rg6  1-0

[Event "Lloyds Bank op"]
[Site "London"]
[Date "1989.??.??"]
[Round "?"]
[White "Tozer, Richard"]
[Black "Flear, Glenn C"]
[Result "1-0"]
[WhiteElo "2235"]
[BlackElo "2435"]

1.d4 d6 2.e4 Nf6 3.Nc3 c6 4.a4 Qa5 5.Bd2 Qb6 6.Nf3 a5 7.h3 Nbd7 8.Bc4 e6
9.e5 Nd5 10.O-O dxe5 11.dxe5 Qxb2 12.Nxd5 cxd5 13.Bb3 Nxe5 14.c3 Nxf3+ 15.gxf3 Bb4
16.Rb1 Bxc3 17.Rxb2 Bxb2 18.Qc2 Bf6 19.Qc5 Bd7 20.Bxa5 Be7 21.Qc3 Bf6 22.Qd2 O-O
23.Bb4 Rfe8 24.a5 Bb5 25.Rb1 Ra6 26.Rc1 Rc6 27.Rxc6 Bxc6 28.Kg2 Rc8 29.Bc2 g6
30.Bd3 Bd7 31.Qa2 Bg7 32.Bd2 Be5 33.Qb3 Rc7 34.Qb6 Bc6 35.Bb5 Bxb5 36.Qxb5 h5
37.Bg5 Kg7 38.Bd8 Rc8 39.Bb6 Bc7 40.Qd7 Bxb6 41.axb6  1-0

[Event "Haringey"]
[Site "London"]
[Date "1989.??.??"]
[Round "?"]
[White "Conquest, Stuart"]
[Black "Hodgson, Julian M"]
[Result "1-0"]
[WhiteElo "2515"]
[BlackElo "2535"]

1.d4 d6 2.e4 Nf6 3.Nc3 c6 4.f4 Qa5 5.Qf3 e5 6.dxe5 dxe5 7.f5 b5 8.Bd2 Qb6
9.g4 a5 10.g5 Nfd7 11.a4 Bc5 12.Nge2 Na6 13.axb5 Nb4 14.Na4 Qxb5 15.Qb3 Be7
16.Nc1 Qb8 17.Bc4 O-O 18.O-O Qd6 19.Rf2 Rb8 20.Ra3 Nd5 21.Qg3 Nf4 22.Re3 Nc5
23.Nxc5 Qxc5 24.b3 a4 25.Kh1 Kh8 26.Qh4 Qd6 27.Nd3 axb3 28.Nxf4 exf4 29.Rh3 h6
30.cxb3 Qd4 31.Rg2 Ra8 32.Bc3 Ra1+ 33.Bxa1 Qxa1+ 34.Rg1 Qd4 35.Qxf4 Bc5 36.Rf1 Re8
37.gxh6 g5 38.fxg6 Bxh3 39.g7+ Kh7 40.Bxf7 Qb2 41.g8=Q+ Rxg8 42.Bxg8+ Kh8
43.Qf6+ Qxf6 44.Rxf6 Kxg8 45.Rxc6 Bf8 46.Kg1 Bd7 47.Rc7 Be6 48.h7+ Kh8 49.Kf2 Bg7
50.b4  1-0

[Event "Lugano op"]
[Site "Lugano"]
[Date "1989.??.??"]
[Round "8"]
[White "Gutman, Lev"]
[Black "Gavrikov, Viktor"]
[Result "1/2-1/2"]
[WhiteElo "2535"]
[BlackElo "2535"]

1.d4 d6 2.e4 Nf6 3.Nc3 c6 4.a4 Qc7 5.h3 e5 6.Nge2 Be6 7.g3 d5 8.exd5 Nxd5
9.Ne4 Nd7 10.Bg2 N5f6 11.Ng5 Bd5 12.Bxd5 Nxd5 13.O-O Be7 14.dxe5 Nxe5 15.Nf4 Nf6
16.Qe2 O-O 17.Re1 Nfd7 18.Nd3 Bxg5 19.Bxg5 Nxd3 20.Qxd3 Nc5 21.Qc4 Ne6 22.Be3 Rfd8
23.Red1 Rd7 24.Rxd7 Qxd7 25.Ra3 Nc7 26.Rb3 Nd5 27.Qd3 Qe7 28.c4 Nxe3 29.Qxe3 Qxe3
30.fxe3 Rb8 31.Rd3 Kf8 32.Rd7 a5 33.b3 b6 34.Kf2 c5 35.Kf3 Re8 36.Rd6 Re6
37.Rxe6 fxe6 38.Kf4 Kf7 39.g4 Ke7 40.g5 Kd6 41.g6 h6 42.Ke4  1/2-1/2

[Event "Luzern"]
[Site "Luzern"]
[Date "1989.??.??"]
[Round "?"]
[White "King, Daniel J"]
[Black "Wahls, Matthias"]
[Result "0-1"]
[WhiteElo "2495"]
[BlackElo "2535"]

1.e4 d6 2.d4 Nf6 3.Nc3 e5 4.dxe5 dxe5 5.Qxd8+ Kxd8 6.Nf3 Bd6 7.Bg5 Be6 8.O-O-O Nd7
9.Bb5 Kc8 10.Bxf6 Nxf6 11.Ng5 a6 12.Be2 Bc5 13.Rhf1 c6 14.g3 Rf8 15.f4 exf4
16.Nxe6 fxe6 17.gxf4 Kc7 18.a3 Rae8 19.b4 Be3+ 20.Kb2 Ng8 21.f5 exf5 22.Rxf5 Rxf5
23.exf5 Nh6 24.Bd3 Bd4 25.Kb3 Re3 26.Rf1 Rh3 27.Ne4 Nf7 28.Nc5 Bf6 29.Rf2 Ne5
30.a4 Kc8 31.a5 Ng4 32.Rg2 h5 33.Ka4 Rxh2 34.Rg1 Ne5 35.Ne4 Nxd3 36.Nxf6 gxf6
37.cxd3 Rf2 38.Rg8+ Kc7 39.Rg7+ Kb8 40.Rg8+ Ka7 41.Rh8 Rxf5 42.Rh6 Kb8 43.Kb3 Rb5
44.Kc4 Kc7 45.Rxf6 Kd7  0-1

[Event "Lyngby op"]
[Site "Lyngby"]
[Date "1989.??.??"]
[Round "8"]
[White "Bjerring, Kai"]
[Black "Nilsson, Nils Specht"]
[Result "1/2-1/2"]
[WhiteElo "2355"]
[BlackElo "2220"]

1.e4 d6 2.d4 Nf6 3.Nc3 c6 4.f4 Qa5 5.Bd3 e5 6.dxe5 dxe5 7.f5 Nbd7 8.g4 h6
9.Qf3 Nc5 10.Bd2 Nxd3+ 11.cxd3 Nd7 12.Nge2 Be7 13.h4 Qa6 14.Rd1 b5 15.a3 Bb7
16.g5 hxg5 17.hxg5 O-O-O 18.Rxh8 Rxh8 19.Be3 b4 20.axb4 Bxb4 21.Kf1 Bc5 22.Kg2 Bxe3
23.Qxe3 Qb6 24.d4 Ba6 25.Qd2 Bxe2 26.Nxe2 exd4 27.Qxd4 Qc7 28.Rh1  1/2-1/2

[Event "Marianske Lazne op"]
[Site "Marianske Lazne"]
[Date "1989.??.??"]
[Round "4"]
[White "Salai, Ladislav"]
[Black "Pribyl, Josef"]
[Result "1-0"]
[WhiteElo "2350"]
[BlackElo "2405"]

1.e4 d6 2.d4 Nf6 3.Nc3 c6 4.Bg5 Qa5 5.Qd2 Nbd7 6.Nf3 h6 7.Bh4 e5 8.Bd3 Be7
9.dxe5 dxe5 10.O-O Qc7 11.Nd1 O-O 12.Bg3 Nh5 13.Ne3 Nxg3 14.hxg3 Nc5 15.Qc3 Nxd3
16.cxd3 Bf6 17.Nd5 Qd6 18.Nxf6+ gxf6 19.d4 exd4 20.Nxd4 Rd8 21.Rad1 Bg4 22.f3 c5
23.Ne2 Qxd1 24.Rxd1 Rxd1+ 25.Kh2 Rad8 26.fxg4 Rf1 27.g5 h5 28.g4 h4 29.gxf6 Rdd1
30.Ng3 hxg3+ 31.Kxg3 Rd4 32.g5 b6 33.Qe3 Kh7 34.Qe2 Rh1 35.Qg4 Rd3+ 36.Kf2 Rd2+
37.Ke3 Rd8 38.g6+ fxg6 39.Qe6 Kh6 40.Qe7 Re1+ 41.Kf2 Red1 42.f7 Kh5 43.f8=Q R1d2+
44.Kg3  1-0

[Event "Marianske Lazne op"]
[Site "Marianske Lazne"]
[Date "1989.??.??"]
[Round "6"]
[White "Brdicko, Petr"]
[Black "Pribyl, Josef"]
[Result "0-1"]
[WhiteElo "2270"]
[BlackElo "2405"]

1.e4 d6 2.d4 Nf6 3.Nc3 c6 4.a4 a5 5.h3 g6 6.Nf3 Bg7 7.Bc4 O-O 8.Qe2 d5 9.Bd3 Na6
10.exd5 Nb4 11.dxc6 Nxd3+ 12.cxd3 bxc6 13.O-O Nd5 14.Bg5 h6 15.Bd2 Rb8 16.Rfb1 Nb4
17.Ne4 Be6 18.Nc5 Bd5 19.Ne5 Nc2 20.Bxa5 Nxd4 21.Qd2 Qd6 22.Ned7 Bxg2 23.Kxg2 Qd5+
24.f3 Nxf3 25.Qe2 Nd2+ 26.Kh2 Nxb1 27.Rxb1 Rb7 28.Qxe7 Rxd7 29.Nxd7 Qxa5
30.Re1 Rd8 31.Nc5 Rd5 32.Nb3 Qxa4 33.Nc1 Qf4+ 34.Kh1 Qf3+ 35.Kh2 Rg5  0-1

[Event "Mendrisio op"]
[Site "Mendrisio"]
[Date "1989.??.??"]
[Round "7"]
[White "Vaisser, Anatoli"]
[Black "Micheli, Carlo"]
[Result "1-0"]
[WhiteElo "2555"]
[BlackElo "2310"]

1.d4 d6 2.e4 Nf6 3.Nc3 c6 4.f4 Qa5 5.Bd3 e5 6.Nf3 Bg4 7.dxe5 dxe5 8.fxe5 Nfd7
9.Be2 Bxf3 10.gxf3 Nxe5 11.f4 Ned7 12.O-O Bb4 13.Bd2 O-O 14.a3 Qb6+ 15.Kh1 Be7
16.Rg1 Re8 17.Bc4 Bf8 18.Qh5 Re7 19.e5 Qd4 20.Bd3 g6 21.Rae1 Kh8 22.Qh3 Qb6
23.Ne4 Bg7 24.Ng5 Nf8 25.f5  1-0

[Event "Moscow2"]
[Site "Moscow"]
[Date "1989.??.??"]
[Round "?"]
[White "Nikolenko, Oleg"]
[Black "Komliakov, Viktor"]
[Result "1-0"]
[WhiteElo "2405"]
[BlackElo "2400"]

1.e4 d6 2.d4 Nf6 3.Nc3 c6 4.f4 g6 5.h3 Bg7 6.Be3 Qb6 7.a3 Nh5 8.Nge2 e5 9.fxe5 dxe5
10.Qd2 exd4 11.Nxd4 O-O 12.O-O-O Qc7 13.g4 Ng3 14.Bf4 Be5 15.Bxe5 Qxe5 16.Rg1 Nxe4
17.Nxe4 Qxe4 18.Qh6 Qe5 19.Bc4 c5 20.Nf5 Bxf5 21.gxf5 Qxf5 22.Rgf1 Qc8 23.Rxf7 Rxf7  1-0

[Event "GMA-Open"]
[Site "Moscow"]
[Date "1989.??.??"]
[Round "2"]
[White "De Firmian, Nick E"]
[Black "Ubilava, Elizbar"]
[Result "0-1"]
[WhiteElo "2570"]
[BlackElo "2515"]

1.e4 d6 2.d4 Nf6 3.Nc3 e5 4.dxe5 dxe5 5.Qxd8+ Kxd8 6.Bg5 Be6 7.f4 exf4 8.e5 h6
9.Bxf4 Ng4 10.h3 g5 11.hxg4 gxf4 12.O-O-O+ Nd7 13.g5 Bg7 14.gxh6 Rxh6 15.Rxh6 Bxh6
16.Nd5 c6 17.Nf6 f3+ 18.Kb1 fxg2 19.Bxg2 Ke7 20.Nxd7 Rd8 21.Nf3 Rxd7 22.Rh1 Rd8
23.b3 Bf4 24.Re1 Rg8 25.Re2 Rg3 26.Nd4 Bg4 27.Re4 Bd2 28.Bf1 Bd7 29.e6 Rg1  0-1

[Event "GMA-Open"]
[Site "Moscow"]
[Date "1989.??.??"]
[Round "3"]
[White "Mikhalchishin, Adrian"]
[Black "Prins, Lodewijk"]
[Result "1-0"]
[WhiteElo "2475"]
[BlackElo "2265"]

1.d4 d6 2.e4 Nf6 3.Nc3 c6 4.Nf3 Qa5 5.Bd3 e5 6.h3 Be7 7.O-O Nbd7 8.a4 Nf8
9.Ne2 Ng6 10.Ng3 O-O 11.Re1 Re8 12.Bd2 Qc7 13.Bc3 Bf8 14.Qd2 Bd7 15.b4 Rac8
16.a5 a6 17.Bb2 c5 18.bxc5 dxc5 19.dxe5 c4 20.exf6 c3 21.Bxc3 Qxc3 22.Qxc3 Rxc3
23.Nh5 Ne5 24.Nxe5 Rxe5 25.Nxg7 Bxg7 26.fxg7 Bb5 27.Bxb5 Rxb5 28.Reb1 Rxc2
29.Rxb5 axb5 30.Rb1 Rc5 31.f4 Kxg7 32.Kf2 Kf6 33.Ke3 Ke6 34.g4 f6 35.h4 Kd6
36.g5 fxg5 37.hxg5 Kc6 38.f5 b4 39.Rxb4 Rxa5 40.Rb1 b5 41.Kf4 Ra8 42.f6 Rb8
43.Kf5 Kd7 44.Rh1  1-0

[Event "GMA-Open"]
[Site "Moscow"]
[Date "1989.??.??"]
[Round "4"]
[White "Ulibin, Mikhail"]
[Black "Rashkovsky, Nukhim N"]
[Result "1/2-1/2"]
[WhiteElo "2445"]
[BlackElo "2520"]

1.e4 d6 2.d4 Nf6 3.Nc3 c6 4.a4 Qa5 5.Bd2 Qb6 6.Nf3 Bg4 7.a5 Qc7 8.Be2 e5
9.Be3 Nbd7 10.O-O Be7 11.Nd2 Bxe2 12.Qxe2 O-O 13.Kh1 Rfe8 14.f4 b5 15.axb6 axb6
16.Rxa8 Rxa8 17.d5 cxd5 18.exd5 Qb7 19.Qb5 Ra5 20.Qc6 Qa6 21.fxe5 dxe5 22.d6 Bf8
23.Rd1 Ra1 24.Ndb1 Qa8 25.Qxa8 Rxa8 26.Na3 Rc8 27.Nab5 Rc6 28.Bg5 Ne8 29.Be7 f6
30.Rd2 Bxe7 31.dxe7 Nc5 32.Rd8 Kf7 33.Nd5 Ne6 34.Kg1 Nf4 35.Nbc3 Nxd5 36.Nxd5 Rxc2
37.b4 e4 38.Kf1 h5 39.h4 Rb2 40.g3 Rc2 41.Rb8 Rd2 42.Rd8 Rd3 43.Kf2 b5 44.Kg2 g5
45.Kf2 g4 46.Kg2 e3 47.Kf1 e2+ 48.Kxe2 Rxg3 49.Rb8 Rh3 50.Rxb5 Rxh4 51.Kf2 Rh2+
52.Kg1 Rd2 53.Ne3 Ng7 54.Rb7 Re2 55.e8=Q+ Kxe8 56.Nd5 Kf8 57.Nxf6 Re6 58.Nd5 Rd6
59.Ne3 Re6 60.Ng2 Nf5 61.Rb5 Rf6 62.Re5 h4 63.b5 h3 64.Ne3 Nd4 65.Nxg4 Rf4
66.Nh2  1/2-1/2